| Поле | Инд. | ПП | Название | Значение |
|---|---|---|---|---|
| Тип записи | a | |||
| Библиографический уровень | b | |||
| 001 | Контрольный номер | DU/528815793 | ||
| 005 | Дата корректировки | 20260414100236.4 | ||
| 008 | Кодируемые данные | 20161003 | ||
| 040 | b | Код языка каталог. | rus | |
| e | Правила каталог. | PSBO | ||
| 041 | 0_ | a | Код языка текста | rus |
| 084 | a | Индекс другой классификации/Индекс ББК | 65.291.34; 65.305.72-32 | |
| 100 | 1_ | a | Автор | Иванова А. В. |
| 245 | 10 | a | Заглавие | К вопросу сегментирования брендов модной индустрии |
| 520 | 0_ | a | Аннотация | Выделены параметры, значимые для конечного потребителя, и проведено сегментирование брендов модной индустрии: бренды высокой моды, бренды готового платья уровня «люкс», бренды готового платья, линии распространения, лучший мостик, утилитарный мостик, бюджетные бренды, массовые бренды. Предложена ассортиментная матрица, которая является наглядным практическим документом, позволяющим учесть значимые для запланированной коллекции признаки конкретного сегмента |
| 650 | 14 | a | Основная рубрика | маркетинг |
| a | Основная рубрика | экономика | ||
| a | Основная рубрика | экономика предприятия | ||
| a | Основная рубрика | экономика промышленности | ||
| 653 | 0_ | a | Ключевые слова | бренд высокой моды |
| a | Ключевые слова | бренд готового платья | ||
| a | Ключевые слова | брендинг | ||
| a | Ключевые слова | бренды | ||
| a | Ключевые слова | бюджетные бренды | ||
| a | Ключевые слова | дизайн | ||
| a | Ключевые слова | качество продукции | ||
| a | Ключевые слова | кожевенная промышленность | ||
| a | Ключевые слова | легкая промышленность | ||
| a | Ключевые слова | линии распространения | ||
| a | Ключевые слова | маркетинговая деятельность | ||
| a | Ключевые слова | маркетинговые коммуникации | ||
| a | Ключевые слова | массовые брендыы | ||
| a | Ключевые слова | модная индустрия | ||
| a | Ключевые слова | отраслевой маркетинг | ||
| a | Ключевые слова | сегменты модной индустрии | ||
| a | Ключевые слова | структура производства | ||
| a | Ключевые слова | текстильное производство | ||
| a | Ключевые слова | целевые потребители | ||
| a | Ключевые слова | ценовая политика | ||
| a | Ключевые слова | швейное производство | ||
| 773 | 08 | t | Заглавие источника | Маркетинг в России и за рубежом |
| d | Дата издания источника | 2016 | ||
| g | Прочая информация | № 4. - С. 108 - 113 : табл. | ||
| w | Контрольный № источника | DU/524765833 | ||
| 901 | t | Тип документа | b |